10 najmniej religijnych stanów USA - Statystyki

Ogólne statystyki
  • Ten quiz został rozwiązany 111 razy
  • Średni wynik to 4 z 10
Statystyki odpowiedzi
% State % Poprawnych
72 Nowy Jork
86%
63 Maine
50%
57 Vermont
47%
70 Alaska
44%
63 Massachusetts
43%
70 Oregon
40%
60 New Hampshire
39%
69 Connecticut
28%
69 Montana
12%
67 Washington
5%
Nie znaleziono quizów pasujących do podanych kryteriów
Rozkład punktacji
Procent ludzi z każdym wynikiem
Percentyl według liczby udzielonych odpowiedzi
Twoja historia wyników
Nie rozwiązałeś tego quizu